000 00449nam a2200193Ia 4500
005 20240823055144.0
008 240823s9999||||xx |||||||||||||| ||und||
020 _a81-8094-040-3
041 _aENGLISH
082 _A305.51225482 P7
100 _aPillay K K
245 4 _aThe Caste System in TamilNadu
250 _a1st
260 _c2007
_bMJP Publi
500 _aYES
650 _aIndian History
_bGeneral
942 _cBK
999 _c228125
_d228125